Základy obecné teorie státu a práva Část C - Základy obecné teorie státu a práva

Saved in:
Bibliographic Details
Format: Book
Language:Czech
Published: Praha Ústav státní správy 1989
Edition:3. přeprac. vyd.
Series:Studie a informace
Tags: Add Tag
No Tags, Be the first to tag this record!

MARC

LEADER 00000nam a2200000 4500
001 c041478
005 20250219091904.3
041 0 |a cze 
044 |a CZ 
245 1 0 |a Základy obecné teorie státu a práva  |b Část C - Základy obecné teorie státu a práva 
250 |a 3. přeprac. vyd. 
264 1 |a Praha  |b Ústav státní správy  |c 1989 
300 |a 85 s. 
490 1 |a Studie a informace 
830 0 |a Studie a informace